书目信息 |
| 题名: |
语言的亲情
|
|
| 作者: | 罗启华 著 | |
| 分册: | ||
| 出版信息: | 武汉 华中师范大学出版社 2013.03 |
|
| 页数: | 391页 | |
| 开本: | 23cm | |
| 丛书名: | 华中语学论库 | |
| 单 册: | ||
| 中图分类: | H44 | |
| 科图分类: | ||
| 主题词: | 越南语--汉语--研究 , 越南语 , 汉语 | |
| 电子资源: | ||
| ISBN: | 978-7-5622-5647-2 | |
| 000 | 01064oam2 2200313 450 | |
| 001 | 006047412 | |
| 005 | 20140528103912.62 | |
| 010 | @a978-7-5622-5647-2@dCNY48.00 | |
| 100 | @a20130618d2013 em y0chiy0110 ea | |
| 101 | 0 | @achi@avie |
| 102 | @aCN@b420000 | |
| 105 | @ay z 000yy | |
| 106 | @ar | |
| 200 | 1 | @a语言的亲情@9yu yan de qin qing@e越南语汉源成分探析@f罗启华著 |
| 210 | @a武汉@c华中师范大学出版社@d2013.03 | |
| 215 | @a391页@d23cm | |
| 225 | 2 | @a华中语学论库 |
| 308 | @a丛书第四辑 | |
| 330 | @a本书不仅对汉语和越语双语教学实践具有直接利用价值,而且为语言、语言接触、语源关系诸问题的学术研究提供了很有价值的语料或例证,揭示了值得探讨的新课题或释疑解难的探索路径。 | |
| 333 | @a华中语学研究相关人员 | |
| 461 | 0 | @12001 @a华中语学论库@1701 0@a邢福义@4主编 |
| 517 | 1 | @a越南语汉源成分探析@9yue nan yu han yuan cheng fen tan xi |
| 606 | 0 | @a越南语@x汉语@x研究 |
| 606 | 0 | @a越南语 |
| 606 | 0 | @a汉语 |
| 690 | @aH44@v5 | |
| 701 | 0 | @a罗启华@9luo qi hua@f(1935-)@4著 |
| 801 | 0 | @aCN@b人天书店@c20130618 |
| 905 | @b547593-95@dH44@e2@f3 | |
| 语言的亲情:越南语汉源成分探析/罗启华著.-武汉:华中师范大学出版社,2013.03 |
| 391页;23cm.-(华中语学论库) |
| 使用对象:华中语学研究相关人员 |
| ISBN 978-7-5622-5647-2:CNY48.00 |
| 本书不仅对汉语和越语双语教学实践具有直接利用价值,而且为语言、语言接触、语源关系诸问题的学术研究提供了很有价值的语料或例证,揭示了值得探讨的新课题或释疑解难的探索路径。 |
| ● |
| 相关链接 |
|
|
|
|
正题名:语言的亲情
索取号:H44/2
 
预约/预借
| 序号 | 登录号 | 条形码 | 馆藏地/架位号 | 状态 | 备注 |
| 1 | 547593 | 205475939 | 第二样本阅览室/ [索取号:H44/2] | 在馆 | |
| 2 | 547594 | 205475948 | 第四借阅区/ [索取号:H44/2] | 在馆 | |
| 3 | 547595 | 205475957 | 第四借阅区/ [索取号:H44/2] | 在馆 |